Normal view
MARC view
- Supervisor: Dr. Farasat Ali Shah Bukhari
Entry Personal Name
001 - CONTROL NUMBER
- control field: 126186
003 - CONTROL NUMBER IDENTIFIER
- control field: NUST
005 - DATE AND TIME OF LATEST TRANSACTION
- control field: 20241001100941.0
008 - FIXED-LENGTH DATA ELEMENTS
- fixed length control field: 241001|| aca||aabn | a|a d
040 ## - CATALOGING SOURCE
- Original cataloging agency: NUST
- Transcribing agency: NUST
100 ## - HEADING--PERSONAL NAME
- Personal name: Supervisor: Dr. Farasat Ali Shah Bukhari
670 ## - SOURCE DATA FOUND
- Source citation: Work cat.: (NUST): Ahmed, Nouman 126185, Financial and Performance Analysis of Listed Companies of Pakistan to Draw Conclusion for Investment./
